Fine topology methods in real analysis and potential theory

Αποθηκεύτηκε σε:
Λεπτομέρειες βιβλιογραφικής εγγραφής
Κύριος συγγραφέας: Lukes, Jaroslav 1940-
Άλλοι συγγραφείς: Maly, Jan, Zajicek, Ludek 1947-
Μορφή: Βιβλίο
Γλώσσα:English
Δημοσίευση: Berlin ; New York : Springer-Verlag, c1986
Σειρά:Lecture notes in mathematics (Springer-Verlag) ; 1189
Θέματα:
Ετικέτες: Προσθήκη ετικέτας
Δεν υπάρχουν, Καταχωρήστε ετικέτα πρώτοι!

MARC

LEADER 00000nam a2200000 i 4500
001 1/63727
008 941103s1986 eng d
020 |a 3-540-16474-X 
035 |a 1993  |l 10046839 
040 |a GR-MY-UA  |b gre  |e aacr 
041 0 |a eng 
082 0 |a 515.8 
100 1 |a Lukes, Jaroslav  |d 1940- 
245 1 0 |a Fine topology methods in real analysis and potential theory /  |c Jaroslav Lukes, Jan Maly, Ludek Zajicek 
260 |a Berlin ; New York :   |b Springer-Verlag,   |c c1986 
300 |a x, 472 p.;  |b ill.;  |c 25 cm. 
490 1 |a Lecture notes in mathematics (Springer-Verlag)  |v ; 1189 
500 |a Includes bibliographies (p.434-459) and indexes 
650 0 0 |a Functions of real variables. 
650 0 0 |a Potential theory (Mathematics) 
650 0 0 |a Topology. 
700 1 |a Maly, Jan. 
700 1 |a Zajicek, Ludek  |d 1947- 
830 0 |a Lecture notes in mathematics (Springer-Verlag)  |v ; 1189 
852 |a INST  |b SAMOS  |e 19941103  |h 515.8 LUK  |p 005300008198  |q 005300008198  |t BK  |y 0 
909 |a Σ  |b 029029